Plain Speaking on Democratic Reforms: (Record no. 190288)

MARC details
000 -LEADER
fixed length control field 00646nam a22001817a 4500
005 - DATE AND TIME OF LATEST TRANSACTION
control field 20220721150404.0
010 ## - LCCN (DPL NO)
LC control number ENG-133789
020 ## - INTERNATIONAL STANDARD BOOK NUMBER
International Standard Book Number 9788131306017
Terms of availability 600.00
035 ## - SYSTEM CONTROL NUMBER
System control number EN-117321
037 ## - SOURCE OF ACQUISITION
Source of stock number/acquisition DBAD/PUB
082 ## - DEWEY DECIMAL CLASSIFICATION NUMBER
Classification number 338.954
100 ## - MAIN ENTRY--PERSONAL NAME
Personal name Reddy, G. Ramachandhra
245 ## - TITLE STATEMENT
Title Plain Speaking on Democratic Reforms:
Remainder of title Politics of Social Justice Police Encounters Challenges of Terrorism/
Statement of responsibility, etc Parthasarathi Rajagopalachari
260 ## - PUBLICATION, DISTRIBUTION, ETC. (IMPRINT)
Place of publication, distribution, etc New Delhi
Name of publisher, distributor, etc A.P.H. Publishing Corporation
Date of publication, distribution, etc 2009
270 ## - ADDRESS
Address 4435-36/7, Ansari Road, Dariyaganj
City New Delhi
Postal code 110002
300 ## - PHYSICAL DESCRIPTION
Extent 190p.
Dimensions 22cm(hbk)
942 ## - ADDED ENTRY ELEMENTS (KOHA)
Source of classification or shelving scheme Dewey Decimal Classification
Item type English Books
Classification part 338.954
Call number suffix RED
Holdings
Withdrawn status Lost status Not for loan Collection code Home library Current library Date acquired Source of acquisition Cost, normal purchase price Full call number Barcode Copy number Cost, replacement price Koha item type
      Non-fiction Bawana Bawana 21/07/2022 DBAD/PUB 600.00 338.954 RED EN-117321 1 600.00 English Books

© Delhi Public Library
Hit Counter
free hit counter